Emilio, o de la educación

Gespeichert in:
Bibliographische Detailangaben
1. Verfasser: Rousseau, Jean Jacques (autor)
Format: Buch
Sprache:Spanisch
Veröffentlicht: Madrid Alianza 1995
Schriftenreihe:Colección El Libro de Bolsillo Alianza, 1465
Schlagworte:
Tags: Tag hinzufügen
Keine Tags, Fügen Sie den ersten Tag hinzu!

MARC

LEADER 00000nam a2200000 a 4500
001 UCP3864
003 CL-VaPUC
008 990709e19950000SP |||||||||||||||||spa|d
082 0 4 |a 370.1  |b ROU  |2 21 
100 |a Rousseau, Jean Jacques  |e autor  |9 255697 
245 1 0 |a Emilio, o de la educación 
300 |a 703 p 
942 |c BK 
945 |d 19990709 00:00:00  |a rbrito 
260 |a Madrid  |b Alianza  |c 1995 
650 0 |a Filosofía de la educación   |9 258384 
583 |a last modification  |c 19990709 00:00:00  |k Rodrigo Vera 
490 0 |a Colección El Libro de Bolsillo Alianza, 1465 
999 |c 282014  |d 282012 
952 |0 0  |1 0  |4 0  |6 370_100000000000000_ROU_1995  |7 0  |8 A  |9 323210  |a BIBHIS  |b BIBHIS  |d 2019-11-20  |i 3538028  |o 370.1 ROU 1995  |p 3538028  |r 2025-01-20  |w 2019-11-20  |y BK  |k HIS